000
00304nam a22001457a 4500
020
_a
978-93-81788-67-7
082
_a
930
_b
HIT/M
100
_a
HITLAR
245
_a
MAIN KAMP
260
_a
KOZHIKODE
_b
PAPPIYON
_c
2013
300
_a
338
520
_a
AUTOBIOGRAPHY
650
_a
AUTOBIOGRAPHY
942
_c
BK
999
_c
5589
_d
5589